E-komunikácia v komunikačnom procese integrácie do Európskej únie

Uložené v:
Podrobná bibliografia
Hlavný autor: Surovi, Pavel
Médium: Kapitola
Jazyk:Slovak
Tagy: Pridať tag
Žiadne tagy, Buďte prvý, kto otaguje tento záznam!

MARC

LEADER 00000naa$a2200000$$$4500
001 0061221
005 20240502071702.2
041 0 |a slo 
044 |a SK 
245 1 0 |a E-komunikácia v komunikačnom procese integrácie do Európskej únie  |c Pavel Surovi 
100 1 |a Surovi, Pavel